Humberto Ortega: el sandinismo debe renovarse. Entrevista /

Salvato in:
Dettagli Bibliografici
Autore principale: Ross, Yazmín
Natura: testo
Tags: Aggiungi Tag
Nessun Tag, puoi essere il primo ad aggiungerne!!

MARC

LEADER 00000 a a2200000 04500
001 1408
003
040
100 |a Ross, Yazmín  
245 |a Humberto Ortega:   |b el sandinismo debe renovarse. Entrevista /  |c Yazmín Ross 
773 |g número 70; páginas 13-15  
999 |c 35890  |d 35890